UM Logo

A high adaptive and flipping-time optimized piezoelectric energy harvesting interface ic with synchronized triple bias-flip / (Record no. 21502)

MARC details
000 -LEADER
fixed length control field 00834nam a22002057a 4500
003 - CONTROL NUMBER IDENTIFIER
control field OSt
005 - DATE AND TIME OF LATEST TRANSACTION
control field 20240911153707.0
008 - FIXED-LENGTH DATA ELEMENTS--GENERAL INFORMATION
fixed length control field 240911b ||||| |||| 00| 0 eng d
040 ## - CATALOGING SOURCE
Transcribing agency 0
082 ## - DEWEY DECIMAL CLASSIFICATION NUMBER
Classification number DPer 621.317 Ie21 December 2022 v.37 n. 12 part 1&2.
100 ## - MAIN ENTRY--PERSONAL NAME
Personal name Chen, Yanhan.
Relator term author.
9 (RLIN) 60684
245 ## - TITLE STATEMENT
Title A high adaptive and flipping-time optimized piezoelectric energy harvesting interface ic with synchronized triple bias-flip /
Statement of responsibility, etc. Yanhan Chen, Chuhui Wang, and Jianping Guo.
260 ## - PUBLICATION, DISTRIBUTION, ETC. (IMPRINT)
Place of publication, distribution, etc. New York;
Name of publisher, distributor, etc. The Institute of Electrical and Electronics Engineers, Inc.,
Date of publication, distribution, etc. December 2022.
300 ## - PHYSICAL DESCRIPTION
Extent volume 37,pages 14981-14992,
Other physical details illustration.
700 ## - ADDED ENTRY--PERSONAL NAME
Personal name Chen, Yanhan.
Relator term author.
9 (RLIN) 60684
700 ## - ADDED ENTRY--PERSONAL NAME
Personal name Wang, Chuhui.
Relator term author.
9 (RLIN) 60685
700 ## - ADDED ENTRY--PERSONAL NAME
Personal name Guo, Jianping.
Relator term author.
9 (RLIN) 60686
700 ## - ADDED ENTRY--PERSONAL NAME
Relator term author.
9 (RLIN) 60687
942 ## - ADDED ENTRY ELEMENTS (KOHA)
Source of classification or shelving scheme Dewey Decimal Classification
Koha item type Periodicals
Holdings
Withdrawn status Lost status Source of classification or shelving scheme Damaged status Not for loan Collection code Home library Current library Date acquired Total Checkouts Full call number Date last seen Price effective from Koha item type Public note
    Dewey Decimal Classification     Periodicals UM Digos College - LIC UM Digos College - LIC 09/11/2024   DPer 621.317 Ie21 December 2022 v.37 n. 12 part 1&2. 09/11/2024 09/11/2024 Periodicals Periodical Article